Online Catalogue and eLibrary

The pure water of poetry (Record no. 3158)

MARC details
000 -LEADER
fixed length control field 00415nam a2200157Ia 4500
005 - DATE AND TIME OF LATEST TRANSACTION
control field 20241003012623.0
008 - FIXED-LENGTH DATA ELEMENTS--GENERAL INFORMATION
fixed length control field 240331s9999 xx 000 0 und d
020 ## - INTERNATIONAL STANDARD BOOK NUMBER
ISBN 9555800367
082 ## - DDC Classification
Item Number - Author Mark SIR
Class No. 811
100 ## - MAIN ENTRY--PERSONAL NAME
Personal name Siriwardena,R
245 #4 - TITLE STATEMENT
Title The pure water of poetry
260 ## - PUBLICATION, DISTRIBUTION, ETC.
Place of publication, distribution, etc. Colombo
Name of publisher, distributor, etc. International Centre For Ethnic Studies
Date of publication, distribution, etc. 1999
300 ## - PHYSICAL DESCRIPTION
Extent (e.g. Volumes, Pages etc.) 42 p .,
500 ## - GENERAL NOTE
General note English And Russian poets.
942 ## - Koha item type (Biblio)
Koha item type Books in Stacks (Lending)
Holdings
Lost status Damaged status Collection code Home library Current library Shelving location Date acquired Full call number Accession Number Item type
    Lending WERC Library WERC Library Social Science Cupboard 03/31/2024 811 SIR 4317 Books in Stacks (Lending)

© WERC Library